[Event "Aguadilla De Diego Cup 18th"]
[Site "Aguadilla"]
[Date "2021.04.17"]
[Round "3"]
[White "Rodriguez Gonzalez, Angel G"]
[Black "Lopez Flores, Alejandro"]
[Result "1-0"]
[WhiteElo "1737"]
[BlackElo "1583"]
[PlyCount "49"]
[EventDate "2021.04.16"]
[EventType "swiss"]
[EventRounds "5"]
[EventCountry "PUR"]
[SourceTitle "EXT 2022"]
[Source "ChessBase"]
[SourceDate "2021.10.06"]
[SourceVersion "1"]
[SourceVersionDate "2021.10.06"]
[SourceQuality "1"]

1. e4 c5 2. Nf3 d6 3. d4 cxd4 4. Nxd4 Nc6 5. Nc3 Nf6 6. Bg5 Qb6 7. Nb3 e6 8. Qd2 Be7 9. 0-0-0 0-0 10. Bxf6 Bxf6 11. Na4 Qc7 12. Qxd6 Qxd6 13. Rxd6 Be5 14. Rd1 a6 15. Nb6 Rb8 16. Nc5 Bf4+ 17. Kb1 Bc7 18. Nca4 Ne5 19. Be2 f5 20. exf5 exf5 21. Nd5 Bd8 22. Nab6 Be6 23. Rhe1 Ng4 24. Bxg4 Bxd5 25. Nd7 1-0